Costain begins 'self-healing' concrete trials (Record no. 84788)

MARC details
000 -LEADER
fixed length control field 01047cab a22002415a 4500
001 - CONTROL NUMBER
control field L159057
008 - FIXED-LENGTH DATA ELEMENTS--GENERAL INFORMATION
fixed length control field 130731e2015 xxk 000 0 eng d
035 ## - SYSTEM CONTROL NUMBER
System control number (Sirsi) u159057
041 0# - LANGUAGE CODE
Language code of text/sound track or separate title eng
050 04 - LIBRARY OF CONGRESS CALL NUMBER
Classification number 693.5 $2 18
100 1# - MAIN ENTRY--PERSONAL NAME
Personal name Withers, Iain
245 00 - TITLE STATEMENT
Title Costain begins 'self-healing' concrete trials
490 ## - SERIES STATEMENT
Series statement Building
Volume/sequential designation (281) 06 November 2015, 14(1)
520 ## - SUMMARY, ETC.
Summary, etc. Costain and Cardiff University have begun a ground-breaking trial of self-healing concrete techniques without human intervention, which could save the UK billions of pounds in structural repair costs. Researchers are piloting three separate concrete-healing technologies. They want to develop a single system that can be embedded into concrete when is initially set, and then automatically sense when damage occurs.
590 ## - LOCAL NOTE (RLIN)
Local note KA
650 24 - SUBJECT ADDED ENTRY--TOPICAL TERM
Topical term or geographic name entry element CONCRETE
650 24 - SUBJECT ADDED ENTRY--TOPICAL TERM
Topical term or geographic name entry element RESEARCH AND TECHNOLOGICAL DEVELOPMENT
650 24 - SUBJECT ADDED ENTRY--TOPICAL TERM
Topical term or geographic name entry element STRUCTURAL REPAIRS
651 #4 - SUBJECT ADDED ENTRY--GEOGRAPHIC NAME
Geographic name United Kingdom
690 ## - LOCAL SUBJECT ADDED ENTRY--TOPICAL TERM (OCLC, RLIN)
Topical term or geographic name as entry element Building materials and defects
690 ## - LOCAL SUBJECT ADDED ENTRY--TOPICAL TERM (OCLC, RLIN)
Topical term or geographic name as entry element CONSTRUCTION
942 ## - ADDED ENTRY ELEMENTS (KOHA)
Suppress in OPAC 0
Holdings
Withdrawn status Lost status Source of classification or shelving scheme Damaged status Not for loan Home library Current library Shelving location Date acquired Total Checkouts Full call number Barcode Date last seen Copy number Price effective from Koha item type
    Dewey Decimal Classification     London London Journal article 22/12/2015   L159057 159057-1001 06/08/2019 1 06/08/2019 Journal article